Вымершие гиганты - пресмыкающиеся севера России: по данным раскопок профессора Амалицкого

Dettagli Bibliografici
Autore principale: Зайцев А. М.
Lingua:russo
Pubblicazione: Томск, 1904
Soggetti:
Natura: Libro
KOHA link:https://koha.lib.tpu.ru/cgi-bin/koha/opac-detail.pl?biblionumber=593807

MARC

LEADER 00000nam0a2200000 4500
001 593807
005 20231101131757.0
035 |a (RuTPU)RU\TPU\tpu\7528 
090 |a 593807 
100 |a 20011210d1904 u y0rusy50 ca 
101 0 |a rus 
102 |a RU 
105 |a  000|y 
200 1 |a Вымершие гиганты - пресмыкающиеся севера России  |e по данным раскопок профессора Амалицкого 
210 |a Томск  |d 1904 
215 |a 17 с. 
610 1 |a биологические науки 
610 1 |a труды учёных ТПУ 
610 1 |a палеонтология 
700 1 |a Зайцев  |b А. М. 
801 0 |a RU  |b 63413507  |c 20011210  |g PSBO 
801 2 |a RU  |b 63413507  |c 20090525  |g PSBO 
942 |c BK